000
00253nam a2200109Ia 4500
008
190216s9999||||xx |||||||||||||| ||und||
100
_a
Rajendra Jain
245
0
_a
Hindi-Kar Ki Kahani
260
_b
Poorna Pubs Kozhikode
650
_a
Hindi
942
_c
BK
999
_c
15356
_d
15356